| 000 | 01152nam a22003377a 4500 | ||
|---|---|---|---|
| 001 | 81 | ||
| 003 | FISKH | ||
| 005 | 20230222084417.0 | ||
| 008 | 230222b cb ||||| |||| 00| 0 eng d | ||
| 020 | _a0307001369 | ||
| 040 |
_aDLC _beng _cDLC _erda _dFISKH |
||
| 042 |
_alcac _apcc |
||
| 050 | 0 | 0 |
_aPZ7.S327 _bRhn 2014 |
| 082 | 0 | 0 |
_a428.1 _223 |
| 100 | 1 | _aScarry, Richard. | |
| 245 | 1 | 0 |
_aRichard Scarry's best little word book ever / _cwritten and illustrated by Richard Scarry. |
| 246 | 3 | 0 | _aBest little word book ever! |
| 264 | 1 |
_aRacine _bWestern Publishing Company _c1992 |
|
| 300 |
_a12 leaves of plates _c21 cm. |
||
| 336 |
_atext _2rdacontent |
||
| 336 |
_astill image _2rdacontent |
||
| 337 |
_aunmediated _2rdamedia |
||
| 338 |
_avolume _2rdacarrier |
||
| 520 | _aLabeled pictures introduce the members of the Cat family, their good friend Lowly Worm, their house, their food, and their drives downtown, to the airport, and to the harbor. | ||
| 521 | 8 |
_a500
_bLexile |
|
| 521 | 8 |
_aH _bRaz-Plus |
|
| 650 | 1 |
_aVocabulary _vFiction. |
|
| 650 | 1 |
_aCats _vFiction. |
|
| 906 |
_a7 _bcbc _corignew _d1 _eecip _f20 _gy-gencatlg |
||
| 942 |
_2ddc _cBK _n0 |
||
| 999 |
_c81 _d81 |
||